Leader xxxxxxxxxx
001 __ PCLIS00041481
005 __ 20211214100503.0
010 0_ |a957-8949-08-1|b平裝|dNT$150
100 __ |a20050720d1997 me y0chiy09 e
101 0_ |achi
102 __ |atw
105 __ |aa z 000zy
200 1_ |a新譯世說新語|f劉義慶著;吳紹志校譯
205 __ |a再版
210 __ |a臺南市|c祥一|d民86[1997]
215 0_ |a[16], 319面|c圖|d21公分
225 2_ |a古典文學|v4
300 __ |a部分內容為國語注音
410 _0 |12001 |a古典文學|v4
500 11 |a世說新語
517 1_ |a世說新語|zchi
605 __ |2csh|a世說新語|x註釋
681 __ |a857.1351|b8863
681 __ |a857.1351|b8863 86
681 __ |a857.1351|b2624
700 _1 |a吳|b紹志|4校譯
701 _1 |s南朝宋|a劉|b義慶|f403-444|4著
801 _0 |atw|b高雄市立圖書館|c20050720|gCCR
801 _1 |atw|b內湖高中|c20091230|gCCR
801 _2 |atw|b內湖高中|c20211214|gCCR
|